00425nam a2200145Ia 4500008004100000041000900041082001800050100002600068245002200094260003500116300000800151650000800159999001700167952009500184230718s9999 xx 000 0 und d aEng. a349.79bUNI-O aUniversity of Oregon  0aOregon Law review aPakistanbAsia Law Housec2013 a262 aLaw c29970d29970 00104070aSIRC-LbSIRC-Ld2023-07-18l0o349.79 UNI-Op24921r2023-07-18w2023-07-18yBK